Detalles MARC
| 000 -CABECERA |
| campo de control de longitud fija |
03366nam a2200277 4500 |
| 001 - NÚMERO DE CONTROL |
| campo de control |
18313 |
| 003 - IDENTIFICADOR DEL NÚMERO DE CONTROL |
| campo de control |
DO-SdUEMH |
| 005 - FECHA Y HORA DE LA ÚLTIMA TRANSACCIÓN |
| campo de control |
20260112152758.0 |
| 007 - CAMPO FIJO DE DESCRIPCIÓN FÍSICA--INFORMACIÓN GENERAL |
| campo de control de longitud fija |
ta |
| 008 - DATOS DE LONGITUD FIJA--INFORMACIÓN GENERAL |
| campo de control de longitud fija |
260112b2016 dr a|||gr|||| 00| 0 spa d |
| 020 ## - NÚMERO INTERNACIONAL ESTÁNDAR DEL LIBRO |
| Número Internacional Estándar del Libro |
9789945582345 |
| 040 ## - FUENTE DE LA CATALOGACIÓN |
| Centro catalogador/agencia de origen |
DO-SdUEMH |
| Lengua de catalogación |
spa |
| Normas de descripción |
rda |
| 041 ## - CÓDIGO DE LENGUA |
| Código de lengua del texto/banda sonora o título independiente |
spa |
| 082 14 - NÚMERO DE LA CLASIFICACIÓN DECIMAL DEWEY |
| Colección |
Colección Dominicana |
| Número de documento/Ítem |
V145c |
| 100 ## - ENTRADA PRINCIPAL--NOMBRE DE PERSONA |
| Término indicativo de función/relación |
autor |
| 245 30 - MENCIÓN DE TÍTULO |
| Título |
La cultura en el Banco Central : discursos 2014-2016 / |
| Mención de responsabilidad, etc. |
Héctor Valdez Albizu ; edición: José Alcántara Almánzar, Elvis Francis Soto ; ilustración de la cubierta de Ramón Oviedo |
| 264 01 - PRODUCCIÓN, PUBLICACIÓN, DISTRIBUCIÓN, FABRICACIÓN Y COPYRIGHT |
| Lugar de producción, publicación, distribución, fabricación |
Santo Domingo, República Dominicana : |
| Nombre del de productor, editor, distribuidor, fabricante |
Banco Central de la República Dominicana, |
| Fecha de producción, publicación, distribución, fabricación o copyright |
2016 |
| 300 ## - DESCRIPCIÓN FÍSICA |
| Extensión |
154 páginas : |
| Otras características físicas |
ilustraciones ; |
| Dimensiones |
23 cm. |
| 336 ## - TIPO DE CONTENIDO |
| Fuente |
rdacontent |
| Término de tipo de contenido |
texto |
| Código de tipo de contenido |
txt |
| 337 ## - TIPO DE MEDIO |
| Fuente |
rdamedia |
| Nombre del tipo de medio |
sin mediación |
| Código del tipo de medio |
n |
| 338 ## - TIPO DE SOPORTE |
| Fuente |
rdacarrier |
| Nombre del tipo de soporte |
volumen |
| Código del tipo de soporte |
nc |
| 490 ## - MENCIÓN DE SERIE |
| Mención de serie |
Colección del Banco Central de la República Dominicana ; |
| Designación de volumen o secuencia |
223 |
| 490 ## - MENCIÓN DE SERIE |
| Mención de serie |
Serie Arte y Literatura ; |
| Designación de volumen o secuencia |
77 |
| 505 ## - NOTA DE CONTENIDO CON FORMATO |
| Nota de contenido con formato |
Presentación -- Puesta en circulación de las obras: La cultura en el Banco Central. Discursos, de Héctor Valdez Albizu; Juan Pablo Duarte y la Venezuela del siglo XIX. Historia y leyenda, de Cecilia Ayala Lafée; Wener Wilbert y Ariany Calles. Estudios literarios dominicanos, de Manuel A. Ossers; y Era lunes ayer, de Máximo Vega, en la sala de lectura de la Biblioteca Juan Pablo Duarte -- Participación en la Feria Internacional del Libro Santo Domingo -- Apertura de la exposición El escudo nacional en la numismática y la filatelia dominicanas, en el Museo Numismático y Filatélico -- Puesta en circulación de la sexta familia de billetes -- Puesta en circulación de la obra Análisis de la coyuntura internacional, editada por Frank Fuentes, Víctor García y Amarilis Altagracia Aquino -- Puesta en circulación de las obras: Exposiciones temporales en el Museo Numismático y Filatélico; La mirada imantada, de Alexis Gómez Rosa; y Ensayos al vapor, de Miguel Aníbal Perdomo -- Entrega de premios del Concurso Anual de Economía Biblioteca Juan Pablo Duarte y puesta en circulación del libro Nueva literatura dominicana -- Entrega de premios del Concurso de Arte y Literatura Bancentral y puesta en circulación del libro Obras premiadas -- Ofrenda floral en el Altar de la Patria -- Exposición Los padres de la patria y los monumentos nacionales -- Puesta en circulación de las obras: El aspirar del aire, de Bruno Rosario Candelier; Anacaona. La construcción de la cacica taína de Quisqueya, de Catharina de Vallejo; y Voces de Aída, editado por Marianne de Tolentino -- Participación en la Feria Internacional del Libro Santo Domingo -- Exposición Huellas de la Restauración -- Puesta en circulación de las obras: Caminos sobre la mar, de Juan Carlos Mieses; Rafael Solano: música y pensamiento, de Rafael Solano; y Ensayos sobre historia social, política y cultural de la República Dominicana y de México, de Fernando Pérez Memén -- Entrega de premios del Concurso Anual de Economía Biblioteca Juan Pablo Duarte y puesta en circulación de obras de literatura económica dominicana -- Entrega de premios del Concurso de Arte y Literatura Bancentral y puesta en circulación de obras premiadas -- Ofrenda floral en el Altar de la Patria -- Exposición La filatelia en el Banco Central -- Colección del Banco Central de la República Dominicana. |
| 942 ## - ELEMENTOS DE PUNTO DE ACCESO ADICIONAL (KOHA) |
| Fuente del sistema de clasificación o colocación |
Dewey Decimal Classification |
| Suprimir en OPAC |
No |
| Tipo de ítem Koha |
Libro |